Normal view
MARC view
- William T.R.Fox
Entry Personal Name
001 - CONTROL NUMBER
- control field: 104887
003 - CONTROL NUMBER IDENTIFIER
- control field: NUST
005 - DATE AND TIME OF LATEST TRANSACTION
- control field: 20221214174123.0
008 - FIXED-LENGTH DATA ELEMENTS
- fixed length control field: 221214|| aca||aabn | a|a d
040 ## - CATALOGING SOURCE
- Original cataloging agency: NUST
- Transcribing agency: NUST
100 ## - HEADING--PERSONAL NAME
- Personal name: William T.R.Fox
670 ## - SOURCE DATA FOUND
- Source citation: Work cat.: (NUST)185471: Fox William T.R 104886, The Super powers /, 1944
